O Pai Natal preguiçoso e a rena Rodolfa (Registo nº 3703)

Detalhes MARC
000 -Etiqueta do registo
Cabeçalho 00708nam a2200241 4500
005 - Identificador da versão
Campo de controlo 20240813122040.0
010 ## - Número internacional normalizado dos livros (ISBN)
Número (ISBN) 9722116533
021 ## - Número do Depósito Legal
Código do país PT
Número 216954/04
100 ## - Dados gerais de processamento
Dados gerais de processamento 20051222d2004 c y0pory5003 ba
102 ## - Pais de publicação ou produção
País de publicação Portugal
101 0# - Língua de publicação
Língua do texto, banda sonora, etc. Português
215 ## - Descrição física 
Indicação específica da natureza do documento e extensão da espécie [25] p.
Outras indicações físicas muito il.
Dimensões 31 cm
200 1# - Titulo e menção de responsabilidade
Título próprio O Pai Natal preguiçoso e a rena Rodolfa
Primeira menção de responsabilidade Ana Saldanha
Outras menções de responsabilidade il. Alain Corbel
210 ## - Publicação, Distribuição, etc. 
Lugar da edição, distribuição, etc. Lisboa
Nome do editor, distribuidor, etc. Caminho
Data da publicação, distribuição, etc. [2004?]
Data da impressão imp. 2004
606 ## - Nome comum usado como assunto
Número de registo de entrada de autoridade 0000001
Palavra de ordem Literatura portuguesa
Subdivisão de assunto Conto|2CA
675 ## - Classificação Decimal Universal (CDU)
Notação 821.134.3-34
Edição 3ª ed.
Língua da edição por
702 #1 - Nome de autor-pessoa física (responsabilidade secundária)
Número de registo de entrada de autoridade 0000077
Palavra de ordem Corbel
Outra parte do nome não tomada para palavra de ordem Alain
Datas 1965-
Código de função Ilustrador / Técnico de desenho computorizado
700 #1 - Nome de autor-pessoa física (responsabilidade principal)
Número de registo de entrada de autoridade 0000076
Palavra de ordem Saldanha
Outra parte do nome não tomada para palavra de ordem Ana
Datas 1959-
942 ## - Elementos de entrada adicionados (Koha)
Tipo de item no Koha Livro
Exemplares
Situação do levantamento Origin of item (home branch) (coded) Biblioteca de empréstimo Código de barras Cota Circulation type (not for loan) Tipo de documento Nota do exemplar Damaged status
  Biblioteca Escolar das Vendas Biblioteca Escolar das Vendas BEV1878 8POR SAL   Livro Sem mensagem